=LDR 00000nam 2200000 4500 =001 INLIS000000000018935 =005 20130612114044 =008 ***********************************Ind** =035 ##$$0010-061300000018935 =041 ##$$a Ind =082 ##$$a 379.15 =090 ##$$a 379.15, Sah k =100 ##$$a Sahertian =245 ##$$a Konsep dasar dan trknik, supervisi pendidikan dalam rangka pengembangan sumber daya manusia, oleh Prof. Drs. Piet A. Sahertian =260 ##$$a 2000 $b Jakarta =300 ##$$a vii, 180 hlm, ilus, 22 cm =650 ##$$a Supervisi - SDM =850 ##$$a NBPNMAT =990 ##$$a 93329/BPAP-NTB/2014 =990 ##$$a 0001/BPAP-NTB/20142015